Il pieno di super /

Gespeichert in:
Bibliographische Detailangaben
1. Verfasser: Campo, Rossana (Verfasst von)
Format: Buch
Sprache:Italienisch
Veröffentlicht: Milano : Feltrinelli, 1995,
Schriftenreihe:Universale economica ; 1340
Tags: Tag hinzufügen
Keine Tags, Fügen Sie das erste Tag hinzu!

MARC

LEADER 00000nam a2200000 i 4500
001 IT\ICCU\PAL\0108253
003 ItRI
005 20260115231858.0
008 950708s1995 it |||||| ||||| |||||c
015 |2 IT  |a 96-11482 
020 |a 8807813408 
040 |b ita  |c importazione bologna sebina 
041 7 |a ita  |2 ISO-639-2 
082 |a 853.914  |9 NARRATIVA ITALIANA. 1945-  |2 20 
100 1 |a Campo, Rossana  |0 IT\ICCU\RAVV\074462  |4 aut 
240 1 3 |a Il pieno di super  |3 IT\ICCU\MOD\1713097  |9 Campo, Rossana 
245 1 3 |a Il pieno di super /  |c Rossana Campo. 
260 |a Milano :  |b Feltrinelli,  |c 1995,  |g (stampa 1993) 
300 |a 141 p. ;  |c 20 cm. 
830 0 |a Universale economica ;  |v 1340  |0 IT\ICCU\CFI\0001103 
942 |2 ddc  |c BK  |n 0 
952 |0 0  |1 0  |4 0  |6 L_853_914000000000000_CAM  |7 0  |9 15099  |a BO  |b BO  |d 2026-01-15  |i 8637  |l 0  |o L 853.914 CAM  |p BO8637  |r 2026-01-15 23:18:58  |w 2026-01-15  |x [Sebina 5] [1 v.]  |y BK  |z 1 v. 
999 |c 12994  |d 12994